| 000 | 00948cac a2200277 a 4500 | ||
|---|---|---|---|
| 003 | Co-PeBPM | ||
| 005 | 20250627182510.0 | ||
| 008 | 231129e1997||||ck |||||||||||||| ||spa|| | ||
| 040 |
_aCo-PeBPM _bspa _cCo-PeBPM _erda |
||
| 041 | _aspa | ||
| 082 | 0 | 4 |
_a498 T821e _222 |
| 100 | 1 | 0 |
_aTriana y Antorveza, Humberto _eautor |
| 245 | 1 | 0 |
_aLexico documentado para la historia del negro en America (siglos XV-XIX) _c/ Humberto Triana y Antoverza |
| 260 |
_aBogotá, Colombia _b: Instituto Caro y Cuervo _c, 1997 |
||
| 300 |
_a440 páginas _c; 23 centímetros |
||
| 490 | _aInstituto caro y cuervo biblioteca Ezequiel Uricoechea | ||
| 500 | _aIncluye Índice. | ||
| 650 | 1 | 4 |
_aEsclavitud _2LEMB |
| 650 | 1 | 4 |
_aLenguas africanas _2LEMB |
| 650 | 1 | 4 |
_aSiglos XV-XIX _2LEMB |
| 650 | 1 | 4 |
_aNegros _2LEMB |
| 650 | 1 | 4 |
_aHistoria _2LEMB |
| 651 | 1 | 4 |
_aAmérica _2LEMB |
| 942 |
_2ddc _cBK |
||
| 999 |
_c19172 _d19172 |
||